| 000 | 00000nam##2200000za#4500 |
| 001 | 9.700458 |
| 003 | CaOODSP |
| 005 | 20210927150515 |
| 007 | cr ||||||||||| |
| 008 | 150407|2009||||xxc|||||o f|0| 0 eng|d |
| 040 | |aCaOODSP|beng |
| 043 | |an-cn--- |
| 086 | 1 |aR5-45/2009E-PDF |
| 110 | 1 |aCanada. |bIndian and Northern Affairs Canada. |
| 245 | 10|aIndian and Northern Affairs Canada Thematic Indicators Project / |h[electronic resource]|c[by] Alexis Michael, Dipal Damani, Darryn DiFrancesco, Jessica Dickson, Gary Seto, Sophie Tee, Maria Sterniczuk, and Doug Anastos ; Evaluation, Performance Measurement and Review Branch. |
| 260 | |aOttawa - Ontario : |bIndian and Northern Affairs |cSeptember 2009. |
| 300 | |a145p.|bgraphs, tables |
| 504 | |aBibliography. |
| 590 | |a15-05-Supp|b2015-03-31 |
| 690 | 07|aIndigenous programs|2gcpds |
| 690 | 07|aPerformance indicators|2gcpds |
| 775 | 08|tAffaires indiennes et du Nord Canada - Projet de recherche sur les indicateurs thématiques / |w(CaOODSP)9.644379 |
| 856 | 40|ahttp://publications.gc.ca|qPDF|s499 KB|uhttps://publications.gc.ca/collections/collection_2015/aadnc-aandc/R5-45-2009-eng.pdf |